| 000 | 01654cam a2200397 i 4500 | ||
|---|---|---|---|
| 999 |
_c200429346 _d47270 |
||
| 003 | TR-AnTOB | ||
| 005 | 20200109152924.0 | ||
| 007 | ta | ||
| 008 | 050805s2003 tu ab b 000 0dtur | ||
| 010 | _a 2004338368 | ||
| 040 |
_aDLC _beng _erda _cDLC _dDLC _dTR-AnTOB |
||
| 041 | 0 | _atur | |
| 042 |
_alcode _apcc |
||
| 043 | _aa-tu--- | ||
| 050 | 0 | 0 |
_aDR435.K87 _bC51 2003 |
| 090 |
_aDR435.K87 _bC51 2003 |
||
| 100 | 1 |
_aÇetiner, Selahattin, _d1922- _eauthot _9119564 |
|
| 245 | 1 | 0 |
_aSorunlarıyla Doğu ve Güneydoğu Anadolu gerçeği / _cSelahattin Çetiner. |
| 264 | 1 |
_aAnkara : _bTürk Silahlı Kuvvetleri Mehmetçik Vakfı, _c2003. |
|
| 300 |
_aages349 p. : _billustrations (some color), maps (some color) ; _c24 cm. |
||
| 336 |
_atext _btxt _2rdacontent |
||
| 337 |
_aunmediated _bn _2rdamedia |
||
| 338 |
_avolume _bnc _2rdacarrier |
||
| 504 | _aIncludes bibliographical references. | ||
| 505 | _aBölgenin tanıtılması -- Kürtlerin tanıtılması -- Aşiret düzeni -- Yabancı devletleri yürüttükleri siyasi Kürtçülük faaliyetleri --Kürtlerin siyasi ve ideolojik Kürtçülük faaliyetleri -- 1806-1939 yıllarını kapsayan dönemde meydana gelen olaylar, isyanlar | ||
| 590 | _aDonated by Levent Kuşoğlu | ||
| 650 |
_aKürtler _zTürkiye, Doğu _933601 |
||
| 650 | 0 |
_aKurds _zTurkey, Eastern _933596 |
|
| 651 | 0 |
_aTurkey, Eastern _xEthnic relations _933603 |
|
| 651 |
_aTürkiye, Doğu _xEtnik ilişkiler _933605 |
||
| 651 |
_aTürkiye, Doğu _xTarih _989980 |
||
| 651 | 0 |
_aTurkey, Eastern _xHistory _946453 |
|
| 710 | 2 |
_aTürk Silahlı Kuvvetleri Mehmetçik Vakfı _9119565 |
|
| 942 |
_2lcc _cBK |
||